Central Library OPAC University of Rajshahi

An actor prepares / (Record no. 63329)

MARC details
000 -LEADER
fixed length control field 00765nam a2200253 a 4500
001 - CONTROL NUMBER
control field 63329
003 - CONTROL NUMBER IDENTIFIER
rucl marc code BD-RjUL
005 - DATE AND TIME OF LATEST TRANSACTION
control field 20211209081201.0
008 - FIXED-LENGTH DATA ELEMENTS--GENERAL INFORMATION
fixed length control field 170129r20081936enk 000 0 eng d
020 ## - INTERNATIONAL STANDARD BOOK NUMBER
International Standard Book Number 9781408100035
035 ## - SYSTEM CONTROL NUMBER
System control number (BD-RjUL)63458
040 ## - CATALOGING SOURCE
Original cataloging agency BD-RjUL
Language of cataloging eng
Transcribing agency BD-RjUL
041 1# - LANGUAGE CODE
Language code of text/sound track or separate title eng
Language code of original rus
082 ## - DEWEY DECIMAL CLASSIFICATION NUMBER
Edition number 23
Classification number 792.028
Author mark and year STA 2008
100 1# - MAIN ENTRY--PERSONAL NAME
Personal name Stanislavsky, Konstantin,
Dates associated with a name 1863-1938.
9 (RLIN) 185717
245 13 - TITLE STATEMENT
Title An actor prepares /
Statement of responsibility, etc. Constantin Stanislavski ; translated by Elizabeth Reynolds Hapgood.
260 ## - PUBLICATION, DISTRIBUTION, ETC. (IMPRINT)
Place of publication, distribution, etc. London :
Name of publisher, distributor, etc. Methuen Drama,
Date of publication, distribution, etc. 2008
300 ## - PHYSICAL DESCRIPTION
Pagination 313 p. ;
Size 20 cm.
650 #0 - SUBJECT ADDED ENTRY--TOPICAL TERM
Topical term or geographic name as entry element Method acting
9 (RLIN) 185384
Topical term or geographic name as entry element Acting
9 (RLIN) 185166
700 1# - ADDED ENTRY--PERSONAL NAME
Personal name Hapgood, Elizabeth Reynolds.
942 ## - ADDED ENTRY ELEMENTS (KOHA)
Source of classification or shelving scheme Dewey Decimal Classification
Koha item type Books
Holdings
Lost status Source of classification or shelving scheme Damaged status Not for loan Collection code Permanent Location Current Location Shelving location Date acquired Source of acquisition Cost, normal purchase price Total Checkouts Full call number Date last seen Copy number Koha item type
  Dewey Decimal Classification   Not For Loan Non-fiction Central Library, University of Rajshahi Central Library, University of Rajshahi Reading Room 02/05/2013 Dhaka. space marketing comm 4900.00   792.028 STA 2008 29/01/2017 C-1 Books